Sector benefits from ideals (Record no. 76013)
[ view plain ]
| 000 -LEADER | |
|---|---|
| fixed length control field | 00914cab a2200169 4500 |
| 001 - CONTROL NUMBER | |
| control field | ##L131273 |
| 008 - FIXED-LENGTH DATA ELEMENTS--GENERAL INFORMATION | |
| fixed length control field | 051017n2005 000 0 eng u |
| 035 ## - SYSTEM CONTROL NUMBER | |
| System control number | (Sirsi) u131273 |
| 041 0# - LANGUAGE CODE | |
| Language code of text/sound track or separate title | eng |
| 100 1# - MAIN ENTRY--PERSONAL NAME | |
| Personal name | Early, Catherine |
| 245 00 - TITLE STATEMENT | |
| Title | Sector benefits from ideals |
| 260 3# - PUBLICATION, DISTRIBUTION, ETC. | |
| Date of publication, distribution, etc. | 2005 |
| 490 #0 - SERIES STATEMENT | |
| Series statement | Planning (for the Natural and Built Environment) |
| Volume/sequential designation | (1639) 7 October 2005, 15-16(2) |
| 520 ## - SUMMARY, ETC. | |
| Summary, etc. | Examines the growing importance of transport consultancies as sustainable transport moves up the political agenda. Looks at their involvement throughout the whole transport planning process and points out that transport consultants are being drawn from an ever-wider pool of professional backgrounds. Presents the views of key players as to the future of this sector and the challenges to be faced. Lists the top 10 transport planning earners in 2003-04. |
| 690 ## - LOCAL SUBJECT ADDED ENTRY--TOPICAL TERM (OCLC, RLIN) | |
| Topical term or geographic name as entry element | Planning and development |
| 9 (RLIN) | 6259 |
| 942 ## - ADDED ENTRY ELEMENTS (KOHA) | |
| Suppress in OPAC | 0 |
| Withdrawn status | Lost status | Source of classification or shelving scheme | Damaged status | Not for loan | Home library | Current library | Shelving location | Date acquired | Total Checkouts | Full call number | Barcode | Date last seen | Copy number | Price effective from | Koha item type |
|---|---|---|---|---|---|---|---|---|---|---|---|---|---|---|---|
| Dewey Decimal Classification | London | London | Journal article | 17/10/2005 | L131273 | 131273-1001 | 06/08/2019 | 1 | 06/08/2019 | Journal article |